000 00595nam a2200193 a 4500
005 20140310183600.0
008 111122s19uu xx 00 eng d
020 _a9781412968072
050 _aLC 4015
_b.K38 2010
100 _aKaufman, Roberta
245 _aPowerful practices for high performing special educators /
_cRoberta Kaufman and Robert Wandberg.
260 _aCalifornia :
_bCorwin,
_c2010.
300 _a189 p. :
_bill. ;
_c26 cm.
521 _aEDU
650 _aChildren with disabilities
_xEducation
700 _aWandberg, Robert
942 _cBK
_2lcc
_kFOR
999 _c25083
_d25083